| 000 | 00598nam a22002177a 4500 | ||
|---|---|---|---|
| 999 |
_c16813 _d16813 |
||
| 003 | OSt | ||
| 005 | 20180412152259.0 | ||
| 008 | 180412b xxu||||| |||| 00| 0 eng d | ||
| 020 | _a9788131503607 | ||
| 040 | _cKABU | ||
| 050 |
_aHC 435.2 _b.C37 2008 C.1 |
||
| 100 | _aCarbaugh, J. Robert | ||
| 245 |
_aInternational economics: _cRobert J. carbaugh |
||
| 250 | _a11th ed. | ||
| 260 |
_aAustralia: _bSouth-Western; _c2008. |
||
| 300 | _axxi, 553p. | ||
| 650 | _aInternational economic relations | ||
| 650 |
_aFree trade _vGoverment policy |
||
| 650 | _aEconomic policy | ||
| 942 |
_2lcc _cBK |
||